01615 a2200157 45000010006000000050017000060080041000230030015000640400040000790800031001192450094001502640033002443000019002775051136002961000025014322502520260407155533.0260407a1972 arg spa dAR-UNSa-BCEJYS aAR-UNSa-BCEJYSbspacAR-UNSa-BCEJYS a349.2xDerecho del Trabajo10aDesarrollo, integracion y derecho de trabajopestudio esquemático para américa latina 1aBuenos Aires :bAstreac1972 a318 p.c24 cm. a1. Nociones preliminares – 2. La empresa como unidad básica del desarrollo económico – 3. La función del Estado en el desarrollo económico y social – 4. La sociedad tradicional de Latinoamérica – 5. Hacia el derecho de la integración – 6. Los problemas sociales más importantes de la integración – 7. La OIT y los problemas sociales – 8. La asociación latinoamericana de libre comercio (ALALC) – 9. El programa andino y el acuerdo de integración subregional andino – 10. El mercado común centroamericano – 11. La comisión especial de coordinación latinoamericana (CECLA) – 12. La carta de la OEA y el plan de acción de Caraballeda – 13. Las comunidades económicas europeas – 14. La República Argentina y los países limítrofes – 15. El desarrollo económico argentino – 16. Sistema nacional de planeamiento y acción para el desarrollo – 17. Políticas nacionales – 18. Desarrollo y defensa nacional – 19. El fondo de ahorro para la participación en el desarrollo económico – 20. Derecho laboral, sindical y previsional de la República Argentina - 1 aNápoli, Rodolfo A.